| 000 | 03628nam a22002777a 4500 | ||
|---|---|---|---|
| 003 | DO-SdBJH | ||
| 005 | 20260331213311.0 | ||
| 008 | 260325b2025 |||a|||| |||| 00| 0 spa d | ||
| 040 |
_aDO-SdBJH _bspa _cDO-SdBJH |
||
| 041 | 0 | _aspa | |
| 090 |
_aCT MA-SDN 0022 _bEGAEE 2025 |
||
| 100 | 1 |
_aGutiérrez Figuereo, Katherine Johanna _esustentante |
|
| 245 | 1 | 0 |
_aImpacto de la transparencia en una política de seguridad y defensa en República Dominicana : _bperíodo 2022 -2023 / _cKatherine Johanna Gutiérrez Figuereo, Frank Alberto Hirujo Reyes ; asesor de contenido Alicia Fernández ; asesor metodológico Juan Miguel Pérez Richiez. |
| 260 |
_aSanto Domingo, República Dominicana : _bUNADE, _c2025. |
||
| 300 |
_axx, 131, [10] páginas : _bilustraciones. |
||
| 502 | _aTesis y trabajos de grado (Maestría en Seguridad y Defensa Nacional)--Universidad Nacional para la Defensa "General Juan Pablo Duarte y Díez", Escuela de Graduados de Altos Estudios Estratégicos, Santo Domingo, 2025. | ||
| 504 | _aIncluye referencias bibliográficas, apéndices y anexos. | ||
| 505 | _aPolíticas de seguridad y defensa eficaz, desarrollada en República Dominicana -- Rol de las organizaciones Nacionales e internacionales en las políticas de seguridad y defensa desarrolladas en República Dominicana -- Garantía de la transparencia en una política de seguridad y defensa en la República Dominicana. | ||
| 520 | _aEl presente estudio analiza el impacto de la transparencia en una política de seguridad y defensa en la República Dominicana durante el período 2022-2023, para determinar cómo la publicidad de la información, la rendición de cuentas y el acceso ciudadano, inciden en la eficacia de dichas políticas. También, se identifican las principales políticas de seguridad y defensa vigentes; el rol de las organizaciones nacionales e internacionales; y la garantía de la transparencia en este ámbito. La investigación de enfoque mixto, diseño no experimental de tipo transversal, combina análisis documental de marcos legales y políticas públicas, con la aplicación de cuestionarios estructurados a una muestra de 30 ciudadanos y a actores institucionales vinculados al sector, empleando herramientas estadísticas representadas gráficamente. Los resultados evidencian un bajo nivel de conocimiento ciudadano sobre las políticas de seguridad y defensa (67% poco o nada informado), escaso dominio del presupuesto sectorial (73% desconoce), limitada información sobre las inversiones e organismos internacionales (60% no las conoce) y una percepción mayoritaria de baja efectividad de las políticas (57% considera poco o nada efectivas), así como una participación casi nula (83% no participa). Concluye con un andamiaje normativo importante, pero persisten brechas significativas en la comunicación institucional, rendición de cuentas y mecanismos de participación ciudadana. Por consiguiente, se recomienda fortalecer los portales de transparencia, la difusión proactiva de información para el control democrático y la incorporación de la ciudadanía en estas políticas de seguridad y defensa. | ||
| 650 | 7 |
_2lemb _aSeguridad nacional _vTesis y disertaciones. _xPolítica de defensa _xTransparencia administrativa _y2022-2023 _zRepública Dominicana |
|
| 650 | 7 |
_2lemb _aDefensa nacional _vTesis y disertaciones. _xCooperación internacional _xOrganizaciones internacionales _zRepública Dominicana |
|
| 700 | 1 |
_aHirujo Reyes, Frank Alberto _esustentante |
|
| 700 | 1 |
_aFernández, Alicia _easesor de contenido |
|
| 700 | 1 |
_aPérez Richiez, Juan Miguel _easesor metodológico |
|
| 942 |
_2CL _cT |
||
| 999 |
_c8618 _d8618 |
||